Dan Gookin teaches Microsoft Windows Me. (Record no. 4433)
[ view plain ]
| 000 -LEADER | |
|---|---|
| fixed length control field | 00679nac a22002051u 4500 |
| 010 ## - LIBRARY OF CONGRESS CONTROL NUMBER | |
| LC control number | 00106991 |
| 020 ## - INTERNATIONAL STANDARD BOOK NUMBER | |
| International Standard Book Number | 0789724804 |
| 082 00 - DEWEY DECIMAL CLASSIFICATION NUMBER | |
| Classification number | 005.432 |
| Item number | G6591 |
| 090 ## - LOCALLY ASSIGNED LC-TYPE CALL NUMBER (OCLC); LOCAL CALL NUMBER (OCLC) | |
| -- | 4433 |
| -- | 4433 |
| 100 ## - MAIN ENTRY--PERSONAL NAME | |
| Personal name | Gookin, Dan. |
| 245 10 - TITLE STATEMENT | |
| Title | Dan Gookin teaches Microsoft Windows Me. |
| 246 30 - VARYING FORM OF TITLE | |
| Title proper/short title | Microsoft Windows Me |
| 246 30 - VARYING FORM OF TITLE | |
| Title proper/short title | Windows Me |
| 250 ## - EDITION STATEMENT | |
| Edition statement | Millennium ed. |
| 260 ## - PUBLICATION, DISTRIBUTION, ETC. (IMPRINT) | |
| Place of publication, distribution, etc | Indianapolis, Ind. : |
| Name of publisher, distributor, etc | Que, |
| Date of publication, distribution, etc | c2001. |
| 300 ## - PHYSICAL DESCRIPTION | |
| Extent | xi, 577 p. : |
| Other physical details | ill. ; |
| Dimensions | 23 cm. |
| 650 #0 - SUBJECT ADDED ENTRY--TOPICAL TERM | |
| Topical term or geographic name as entry element | Operating systems (Computers) |
| 942 ## - ADDED ENTRY ELEMENTS (KOHA) | |
| Item type | Book - Borrowing |
| Call number prefix | 005.432G6591 |
| Withdrawn status | Item status | Damaged status | Not for loan | Home library | Current library | Shelving location | Date acquired | Source of acquisition | Total Checkouts | Full call number | Barcode | Date last seen | Koha item type |
|---|---|---|---|---|---|---|---|---|---|---|---|---|---|
| Central Library | Central Library | Lower Floor | 07/09/2006 | Purchase | 005.432 GOO | 000005366 | 15/07/2025 | Book - Borrowing |